000 03053nam a2200373 i 4500
001 40824
003 ES-MaACL
005 20251011063059.0
007 t|
008 030307m17791792sp |||| | spa d
100 1 _aCapmany y de Montpalau, Antonio de,
_d1742-1813
_934868
245 1 0 _aMemorias históricas sobre la marina, comercio y artes de la antigua ciudad de Barcelona /
_cpublicadas por disposición y a expensas de la Real Junta y Consulado de Comercio de la misma ciudad y dispuestas por D. Antonio de Capmany y de Montpalau.
260 _aMadrid :
_ben la Imprenta de D. Antonio de Sancha,
_c1779-1792.
300 _a4 v. ([6], XXIV, [2], 185 p., [1] en bl., [2], 260, [2], 148, VI, [2] p. ; [4], XVI, [2], 471 p., [1] en bl., XIII p., [1] en bl., XXX, [2], 124, III p., [1] en bl., [2] p. ; [4], XX, [2], 377 p., [1] en bl., XIX p., [1] en bl. ; [6], XXXIV, 418, 132 [i.e. 139] p., [1] en bl.) : il. ;
_c27 cm.
505 8 _aContiene: I. [Memorias históricas. Parte primera: Antigua marina. Parte segunda: Del antiguo comercio. Parte tercera: de las antiguas artes] - II. [Colección diplomática de los instrumentos justificativos de las presentes memorias, sacados de varios libros, registros, y códices del Archivo municipal de Barcelona] - III. [Suplemento a las memorias históricas. Parte primera: Antigua marina. Parte segunda: Del antiguo comercio. Parte tercera: Antiguas artes] - IV. [Suplemento a la colección diplomática. Contiene los instrumentos justificativos del tomo III]
530 _aDisponible en formato digital.
596 _aV. I-II (1779) ; V. III-IV (1792)
597 _aSign.: [ ]³, A-C4, [ ]¹, A-Z4, 2A¹, A-Z4, 2A-2I4, 2K³, A-S4, T³, ¶4 ; [ ]¹, A-B4, [ ]¹, A-Z4, 2A-2X4, 2Y², 2Z4, 3A-3O4, 3P5, 2A5, a-d4, A-P4, Q², * ; [ ]4, B-C4, A-Z4, 2A-2Z4, 3A-3D4 ; [ ]³, B-E4, A-Z4, 2A-2Z4, 3A-3F4, 3G¹, A-R4, S².
597 _aError de paginación en 2ª secuencia del v. IV: de p. 136 pasa a p. 131.
597 _aPort. de v. I-II a dos tintas, y las 4 port. con grab. calcográficos.
597 _aAnteportadas y apostillas marginales.
599 _aLas il. son grab. calcográficos firmados por: "Mòles la gravó en Barcelona 1779 Camarón la inventó"; "A. Carnicero invt. F. S. sc" "Montaña lo dibujó Móles lo grabó en Barcelona. 1779" "A. Canicero la invento P.P. Móles la grabó en Barcelona. 1780"
650 4 _aMarina de guerra-
_zCataluña.
_9153325
650 4 _aComercio-
_zBarcelona.
_9153326
651 4 _aBarcelona-
_xHistoria.
_97862
700 1 _aCamarón Bonanat, José,
_d1731-1803
_9153327
700 1 _aMontaña, Pere Pau,
_d1749-1803
_9153328
700 1 _aMoles, Pascual Pedro,
_d1741-1797
_9153329
700 1 _aCarnicero, Antonio.
_935379
710 2 _aJunta de Comercio de Barcelona
_9134592
852 _aES-MaACL
_jR-1897-1900
_z- Enc. piel
_z- Sello con la leyenda: "Inventariado por las Cortes, 1874". Olim: G-13144-47
856 _uhttp://bdh-rd.bne.es/viewer.vm?pid=d-3209759
_zBiblioteca Digital Hispánica
999 _c40824
_d40824